[Event "Benidorm Satellite preliminary"]
[Site "playchess.com #007036"]
[Date "2009.10.24"]
[Round "8"]
[White "Wolle1305"]
[Black "Lagano"]
[Result "0-1"]
[WhiteElo "1731"]
[BlackElo "1968"]
[PlyCount "40"]
[EventDate "2009.10.24"]
[EventType "swiss (blitz)"]

1. e4 {[%emt 0:00:01]} e6 {[%emt 0:00:02]} 2. d4 {[%emt 0:00:02]} d5 {[%emt 0:
00:01]} 3. Nc3 {[%emt 0:00:01]} Bb4 {[%emt 0:00:02]} 4. e5 {[%emt 0:00:02]} c5
{[%emt 0:00:02]} 5. a3 {[%emt 0:00:01]} Bxc3+ {[%emt 0:00:01]} 6. bxc3 {[%emt
0:00:00]} Ne7 {[%emt 0:00:00]} 7. Nf3 {[%emt 0:00:02]} Nbc6 {[%emt 0:00:02]} 8.
Bd3 {[%emt 0:00:08]} Qa5 {[%emt 0:00:00]} 9. Bd2 {[%emt 0:00:02]} Bd7 {[%emt 0:
00:03]} 10. a4 {[%emt 0:00:02]} f6 {[%emt 0:00:04]} 11. O-O {[%emt 0:00:14]} c4
{[%emt 0:00:08]} 12. Be2 {[%emt 0:00:04]} Qc7 {[%emt 0:00:03]} 13. exf6 {[%emt
0:00:41]} gxf6 {[%emt 0:00:03]} 14. Qb1 {[%emt 0:00:12]} O-O-O {[%emt 0:00:03]}
15. Qa2 {[%emt 0:00:20]} h5 {[%emt 0:00:06]} 16. a5 {[%emt 0:00:08]} h4 {[%emt
0:00:07]} 17. h3 {[%emt 0:00:04]} e5 {[%emt 0:00:08]} 18. Qa3 {[%emt 0:00:10]}
e4 {[%emt 0:00:04]} 19. Nh2 {[%emt 0:00:05]} Rhg8 {[%emt 0:00:05]} 20. Qc5 {
[%emt 0:00:16]} Bxh3 {[%emt 0:00:09] Wolle1305 gibt auf} 0-1

[Event "Benidorm Satellite preliminary"]
[Site "playchess.com #007036"]
[Date "2009.10.24"]
[Round "8"]
[White "HaraldEtuna"]
[Black "Immer Letzter"]
[Result "1/2-1/2"]
[WhiteElo "2171"]
[BlackElo "2520"]
[PlyCount "65"]
[EventDate "2009.10.24"]
[EventType "swiss (blitz)"]

1. e4 {[%emt 0:00:02]} e5 {[%emt 0:00:01]} 2. Nc3 {[%emt 0:00:01]} Nf6 {[%emt
0:00:01]} 3. g3 {[%emt 0:00:01]} d5 {[%emt 0:00:02]} 4. exd5 {[%emt 0:00:01]}
Nxd5 {[%emt 0:00:01]} 5. Bg2 {[%emt 0:00:01]} Nxc3 {[%emt 0:00:01]} 6. bxc3 {
[%emt 0:00:01]} Bd6 {[%emt 0:00:03]} 7. Nf3 {[%emt 0:00:01]} O-O {[%emt 0:00:
01]} 8. O-O {[%emt 0:00:01]} Nc6 {[%emt 0:00:05]} 9. d4 {[%emt 0:00:04]} Re8 {
[%emt 0:00:16]} 10. h3 {[%emt 0:00:07]} Qf6 {[%emt 0:00:08]} 11. Re1 {[%emt 0:
00:07]} Bd7 {[%emt 0:00:04]} 12. Rb1 {[%emt 0:00:04]} Rab8 {[%emt 0:00:04]} 13.
dxe5 {[%emt 0:00:13]} Nxe5 {[%emt 0:00:06]} 14. Nxe5 {[%emt 0:00:02]} Rxe5 {
[%emt 0:00:02]} 15. Rxe5 {[%emt 0:00:03]} Qxe5 {[%emt 0:00:04]} 16. Bf4 {[%emt
0:00:04]} Qxc3 {[%emt 0:00:07]} 17. Bxd6 {[%emt 0:00:02]} cxd6 {[%emt 0:00:02]}
18. Qxd6 {[%emt 0:00:01]} Qc8 {[%emt 0:00:03]} 19. Re1 {[%emt 0:00:16]} Be6 {
[%emt 0:00:19]} 20. Bd5 {[%emt 0:00:11]} Bxd5 {[%emt 0:00:06]} 21. Qxd5 {[%emt
0:00:02]} Qd8 {[%emt 0:01:09]} 22. Qxd8+ {[%emt 0:00:06]} Rxd8 {[%emt 0:00:01]}
23. Re7 {[%emt 0:00:00]} Rb8 {[%emt 0:00:02]} 24. Rc7 {[%emt 0:00:03]} Kf8 {
[%emt 0:00:01]} 25. a4 {[%emt 0:00:03]} a5 {[%emt 0:00:03]} 26. Kg2 {[%emt 0:
00:03]} b5 {[%emt 0:00:03]} 27. axb5 {[%emt 0:00:17]} Rxb5 {[%emt 0:00:01]} 28.
Ra7 {[%emt 0:00:01]} Rc5 {[%emt 0:00:02]} 29. h4 {[%emt 0:00:04]} h5 {[%emt 0:
00:01]} 30. c4 {[%emt 0:00:08]} g6 {[%emt 0:00:02]} 31. Kf3 {[%emt 0:00:01]}
Kg7 {[%emt 0:00:01]} 32. Ke3 {[%emt 0:00:02]} Rxc4 {[%emt 0:00:01]} 33. Rxa5 {
[%emt 0:00:02] Immer Letzter bietet Remis} 1/2-1/2

[Event "Benidorm Satellite preliminary"]
[Site "playchess.com #007036"]
[Date "2009.10.24"]
[Round "8"]
[White "Slobster"]
[Black "Roi folichon"]
[Result "1-0"]
[WhiteElo "1659"]
[BlackElo "1577"]
[PlyCount "53"]
[EventDate "2009.10.24"]
[EventType "swiss (blitz)"]

1. d4 {[%emt 0:00:01]} d5 {[%emt 0:00:02]} 2. Nf3 {[%emt 0:00:00]} Nc6 {[%emt
0:00:01]} 3. Bf4 {[%emt 0:00:02]} Bg4 {[%emt 0:00:04]} 4. e3 {[%emt 0:00:01]}
e6 {[%emt 0:00:03]} 5. c4 {[%emt 0:00:01]} Nf6 {[%emt 0:00:04]} 6. Nc3 {[%emt
0:00:01]} Bb4 {[%emt 0:00:18]} 7. Be2 {[%emt 0:00:01]} Ne4 {[%emt 0:00:09]} 8.
O-O {[%emt 0:00:03]} Bxc3 {[%emt 0:00:01]} 9. bxc3 {[%emt 0:00:02]} Bxf3 {
[%emt 0:00:04]} 10. Bxf3 {[%emt 0:00:04]} f5 {[%emt 0:00:16]} 11. cxd5 {[%emt
0:00:04]} exd5 {[%emt 0:00:02]} 12. c4 {[%emt 0:00:03]} dxc4 {[%emt 0:00:10]}
13. d5 {[%emt 0:00:02]} Ne7 {[%emt 0:00:10]} 14. Qd4 {[%emt 0:00:12]} Qxd5 {
[%emt 0:00:04]} 15. Qxg7 {[%emt 0:00:04]} Qg8 {[%emt 0:00:19]} 16. Bh5+ {[%emt
0:00:03]} Kd8 {[%emt 0:00:25]} 17. Rfd1+ {[%emt 0:00:01]} Kc8 {[%emt 0:00:02]}
18. Qxe7 {[%emt 0:00:11]} Nd6 {[%emt 0:00:31]} 19. Bf3 {[%emt 0:00:31]} Qe8 {
[%emt 0:00:07]} 20. Bxd6 {[%emt 0:00:05]} Qxe7 {[%emt 0:00:01]} 21. Bxe7 {
[%emt 0:00:01]} c6 {[%emt 0:00:03]} 22. Rd4 {[%emt 0:00:12]} b5 {[%emt 0:00:01]
} 23. Rad1 {[%emt 0:00:01]} Kc7 {[%emt 0:00:02]} 24. Rd7+ {[%emt 0:00:02]} Kb6
{[%emt 0:00:01]} 25. Bd8+ {[%emt 0:00:02]} Ka6 {[%emt 0:00:02]} 26. Bxc6 {
[%emt 0:00:02]} Rc8 {[%emt 0:00:04]} 27. Bb7# {[%emt 0:00:01]} 1-0

[Event "Benidorm Satellite preliminary"]
[Site "playchess.com #007036"]
[Date "2009.10.24"]
[Round "8"]
[White "sabla"]
[Black "Munchie the 5th"]
[Result "0-1"]
[WhiteElo "1723"]
[BlackElo "1655"]
[PlyCount "62"]
[EventDate "2009.10.24"]
[EventType "swiss (blitz)"]

1. d4 {[%emt 0:00:02]} d5 {[%emt 0:00:01]} 2. Nc3 {[%emt 0:00:02]} c6 {[%emt 0:
00:00]} 3. e4 {[%emt 0:00:02]} e6 {[%emt 0:00:04]} 4. Nf3 {[%emt 0:00:02]} Nf6
{[%emt 0:00:01]} 5. Bg5 {[%emt 0:00:01]} Be7 {[%emt 0:00:01]} 6. Bxf6 {[%emt 0:
00:01]} Bxf6 {[%emt 0:00:01]} 7. e5 {[%emt 0:00:01]} Be7 {[%emt 0:00:01]} 8. h4
{[%emt 0:00:01]} c5 {[%emt 0:00:03]} 9. Bd3 {[%emt 0:00:01]} cxd4 {[%emt 0:00:
02]} 10. Bb5+ {[%emt 0:00:04]} Bd7 {[%emt 0:00:03]} 11. Qxd4 {[%emt 0:00:02]}
Qa5 {[%emt 0:00:08]} 12. Bxd7+ {[%emt 0:00:04]} Nxd7 {[%emt 0:00:00]} 13. Qg4 {
[%emt 0:00:01]} O-O {[%emt 0:00:02]} 14. O-O {[%emt 0:00:10]} Rac8 {[%emt 0:00:
04]} 15. Rad1 {[%emt 0:00:09]} Bb4 {[%emt 0:00:03]} 16. Ng5 {[%emt 0:00:09]}
Bxc3 {[%emt 0:00:07]} 17. bxc3 {[%emt 0:00:02]} Qxc3 {[%emt 0:00:00]} 18. f4 {
[%emt 0:00:02]} h6 {[%emt 0:00:04]} 19. Rd3 {[%emt 0:00:07]} Qc5+ {[%emt 0:00:
02]} 20. Kh2 {[%emt 0:00:04]} Qxc2 {[%emt 0:00:04]} 21. Rg3 {[%emt 0:00:02]}
hxg5 {[%emt 0:00:07]} 22. hxg5 {[%emt 0:00:04]} Qh7+ {[%emt 0:00:01]} 23. Rh3 {
[%emt 0:00:01]} Qg6 {[%emt 0:00:13]} 24. Qh4 {[%emt 0:00:01]} f6 {[%emt 0:00:
02]} 25. gxf6 {[%emt 0:00:09]} Kf7 {[%emt 0:00:02]} 26. f5 {[%emt 0:00:14]}
exf5 {[%emt 0:00:07]} 27. fxg7 {[%emt 0:00:04]} Rg8 {[%emt 0:00:03]} 28. Rhf3 {
[%emt 0:00:14]} Kxg7 {[%emt 0:00:58]} 29. Rxf5 {[%emt 0:00:04]} Rh8 {[%emt 0:
00:04]} 30. Rf7+ {[%emt 0:00:21]} Qxf7 {[%emt 0:00:04]} 31. Rxf7+ {[%emt 0:00:
02]} Kxf7 {[%emt 0:00:00] sabla resigns} 0-1

[Event "Benidorm Satellite preliminary"]
[Site "playchess.com #007036"]
[Date "2009.10.24"]
[Round "8"]
[White "KVR"]
[Black "thin_white_duke"]
[Result "0-1"]
[WhiteElo "2536"]
[BlackElo "2364"]
[PlyCount "64"]
[EventDate "2009.10.24"]
[EventType "swiss (blitz)"]

1. e4 {[%emt 0:00:02]} c5 {[%emt 0:00:02]} 2. Nf3 {[%emt 0:00:02]} e6 {[%emt 0:
00:01]} 3. d3 {[%emt 0:00:05]} Nc6 {[%emt 0:00:02]} 4. g3 {[%emt 0:00:02]} d5 {
[%emt 0:00:01]} 5. Nbd2 {[%emt 0:00:03]} Nf6 {[%emt 0:00:00]} 6. Bg2 {[%emt 0:
00:02]} Be7 {[%emt 0:00:00]} 7. O-O {[%emt 0:00:01]} O-O {[%emt 0:00:01]} 8.
Re1 {[%emt 0:00:01]} Rb8 {[%emt 0:00:02]} 9. e5 {[%emt 0:00:02]} Nd7 {[%emt 0:
00:01]} 10. Nf1 {[%emt 0:00:00]} b5 {[%emt 0:00:01]} 11. h4 {[%emt 0:00:02]} a5
{[%emt 0:00:01]} 12. Bf4 {[%emt 0:00:01]} b4 {[%emt 0:00:01]} 13. Ng5 {[%emt 0:
00:01]} Qe8 {[%emt 0:00:03]} 14. Qh5 {[%emt 0:00:04]} Bxg5 {[%emt 0:00:02]} 15.
hxg5 {[%emt 0:00:02]} f5 {[%emt 0:00:01]} 16. Qh4 {[%emt 0:00:14]} Nb6 {[%emt
0:00:09]} 17. a3 {[%emt 0:00:12]} bxa3 {[%emt 0:00:14]} 18. Rxa3 {[%emt 0:00:
02]} a4 {[%emt 0:00:04]} 19. Rea1 {[%emt 0:00:16]} Nd4 {[%emt 0:00:09]} 20. Ne3
{[%emt 0:00:03]} Bd7 {[%emt 0:00:23]} 21. Kf1 {[%emt 0:00:09]} Bb5 {[%emt 0:00:
03]} 22. Ke1 {[%emt 0:00:09]} c4 {[%emt 0:00:03]} 23. dxc4 {[%emt 0:00:20]}
Nxc4 {[%emt 0:00:02]} 24. Nxc4 {[%emt 0:00:01]} Bxc4 {[%emt 0:00:04]} 25. Rc3 {
[%emt 0:00:21]} Rxb2 {[%emt 0:00:03]} 26. Kd1 {[%emt 0:00:08]} Qb5 {[%emt 0:00:
04]} 27. Bc1 {[%emt 0:00:04]} Be2+ {[%emt 0:00:12]} 28. Ke1 {[%emt 0:00:20]}
Nxc2+ {[%emt 0:00:06]} 29. Rxc2 {[%emt 0:00:02]} Rxc2 {[%emt 0:00:01]} 30. g6 {
[%emt 0:00:01]} hxg6 {[%emt 0:00:04]} 31. Bd2 {[%emt 0:00:09]} Bg4 {[%emt 0:00:
11]} 32. Bf1 {[%emt 0:00:04]} Qb2 {[%emt 0:00:09] KVR resigns} 0-1

[Event "Benidorm Satellite preliminary"]
[Site "playchess.com #007036"]
[Date "2009.10.24"]
[Round "8"]
[White "ALFILH7"]
[Black "Bystrc2010"]
[Result "0-1"]
[WhiteElo "1571"]
[BlackElo "1768"]
[PlyCount "72"]
[EventDate "2009.10.24"]
[EventType "swiss (blitz)"]

1. d4 {[%emt 0:00:02]} Nf6 {[%emt 0:00:02]} 2. Nf3 {[%emt 0:00:02]} g6 {[%emt
0:00:01]} 3. Bg5 {[%emt 0:00:03]} Bg7 {[%emt 0:00:00]} 4. Nbd2 {[%emt 0:00:02]}
d5 {[%emt 0:00:01]} 5. Bxf6 {[%emt 0:00:03]} Bxf6 {[%emt 0:00:01]} 6. e4 {
[%emt 0:00:01]} dxe4 {[%emt 0:00:04]} 7. Nxe4 {[%emt 0:00:02]} Bg7 {[%emt 0:00:
02]} 8. Bd3 {[%emt 0:00:03]} O-O {[%emt 0:00:02]} 9. c3 {[%emt 0:00:02]} Nd7 {
[%emt 0:00:04]} 10. Qe2 {[%emt 0:00:04]} Nf6 {[%emt 0:00:02]} 11. Nxf6+ {[%emt
0:00:02]} Bxf6 {[%emt 0:00:01]} 12. h3 {[%emt 0:00:01]} c6 {[%emt 0:00:08]} 13.
O-O-O {[%emt 0:00:05]} Qa5 {[%emt 0:00:10]} 14. Kb1 {[%emt 0:00:02]} Be6 {
[%emt 0:00:07]} 15. a3 {[%emt 0:00:04]} b5 {[%emt 0:00:09]} 16. Ne5 {[%emt 0:
00:21]} Qb6 {[%emt 0:00:15]} 17. Nxc6 {[%emt 0:00:18]} Qxc6 {[%emt 0:00:08]}
18. Be4 {[%emt 0:00:01]} Bd5 {[%emt 0:00:06]} 19. Bxd5 {[%emt 0:00:03]} Qxd5 {
[%emt 0:00:01]} 20. f4 {[%emt 0:00:03]} a5 {[%emt 0:00:11]} 21. g4 {[%emt 0:00:
01]} Rab8 {[%emt 0:00:13]} 22. g5 {[%emt 0:00:07]} Bg7 {[%emt 0:00:05]} 23. Ka1
{[%emt 0:00:07]} b4 {[%emt 0:00:04]} 24. c4 {[%emt 0:00:02]} Qd7 {[%emt 0:00:
06]} 25. a4 {[%emt 0:00:09]} Qxa4+ {[%emt 0:00:05]} 26. Kb1 {[%emt 0:00:02]} b3
{[%emt 0:00:08]} 27. Qd3 {[%emt 0:00:06]} Qa2+ {[%emt 0:00:07]} 28. Kc1 {[%emt
0:00:01]} Qa1+ {[%emt 0:00:05]} 29. Kd2 {[%emt 0:00:01]} Qxb2+ {[%emt 0:00:04]}
30. Ke3 {[%emt 0:00:02]} Qc2 {[%emt 0:00:08]} 31. Rd2 {[%emt 0:00:17]} Qxd3+ {
[%emt 0:00:02]} 32. Rxd3 {[%emt 0:00:01]} a4 {[%emt 0:00:01]} 33. h4 {[%emt 0:
00:04]} a3 {[%emt 0:00:03]} 34. h5 {[%emt 0:00:01]} b2 {[%emt 0:00:02]} 35.
Rxa3 {[%emt 0:00:03]} b1=Q {[%emt 0:00:02]} 36. Rxb1 {[%emt 0:00:03]} Rxb1 {
[%emt 0:00:02] ALFILH7 rinde} 0-1

[Event "Benidorm Satellite preliminary"]
[Site "playchess.com #007036"]
[Date "2009.10.24"]
[Round "8"]
[White "Altamiro"]
[Black "MichelS"]
[Result "0-1"]
[WhiteElo "2148"]
[BlackElo "1837"]
[PlyCount "54"]
[EventDate "2009.10.24"]
[EventType "swiss (blitz)"]

1. e4 {[%emt 0:00:04]} e5 {[%emt 0:00:01]} 2. Nf3 {[%emt 0:00:01]} Nc6 {[%emt
0:00:00]} 3. Bb5 {[%emt 0:00:01]} g6 {[%emt 0:00:01]} 4. d4 {[%emt 0:00:02]}
exd4 {[%emt 0:00:01]} 5. Nxd4 {[%emt 0:00:21]} Bg7 {[%emt 0:00:02]} 6. Be3 {
[%emt 0:00:01]} Nf6 {[%emt 0:00:02]} 7. Nc3 {[%emt 0:00:01]} O-O {[%emt 0:00:
01]} 8. O-O {[%emt 0:00:01]} Re8 {[%emt 0:00:15]} 9. f3 {[%emt 0:00:20]} d5 {
[%emt 0:00:12]} 10. Nxc6 {[%emt 0:00:03]} bxc6 {[%emt 0:00:01]} 11. Bxc6 {
[%emt 0:00:01]} Ba6 {[%emt 0:00:01]} 12. Bxa8 {[%emt 0:00:15]} Bxf1 {[%emt 0:
00:04]} 13. Qxf1 {[%emt 0:00:01]} Qxa8 {[%emt 0:00:05]} 14. Bg5 {[%emt 0:00:27]
} dxe4 {[%emt 0:00:05]} 15. Bxf6 {[%emt 0:00:01]} Bxf6 {[%emt 0:00:04]} 16.
Nxe4 {[%emt 0:00:01]} Bxb2 {[%emt 0:00:03]} 17. Rb1 {[%emt 0:00:03]} Bd4+ {
[%emt 0:00:02]} 18. Kh1 {[%emt 0:00:01]} Qd5 {[%emt 0:00:13]} 19. c4 {[%emt 0:
00:04]} Qe5 {[%emt 0:00:05]} 20. Rb5 {[%emt 0:00:12]} c5 {[%emt 0:00:04]} 21.
Rb7 {[%emt 0:00:11]} Re7 {[%emt 0:00:16]} 22. Rxe7 {[%emt 0:00:20]} Qxe7 {
[%emt 0:00:02]} 23. Qb1 {[%emt 0:00:02]} Kg7 {[%emt 0:00:08]} 24. g3 {[%emt 0:
00:21]} f5 {[%emt 0:00:06]} 25. Nd2 {[%emt 0:00:10]} Qe2 {[%emt 0:00:03]} 26.
Qb7+ {[%emt 0:00:15]} Kh6 {[%emt 0:00:02]} 27. Nb3 {[%emt 0:00:06]} Qf1# {
[%emt 0:00:09]} 0-1

[Event "Benidorm Satellite preliminary"]
[Site "playchess.com #007036"]
[Date "2009.10.24"]
[Round "8"]
[White "MischaT"]
[Black "Chanwxt"]
[Result "1/2-1/2"]
[WhiteElo "2137"]
[BlackElo "2784"]
[PlyCount "60"]
[EventDate "2009.10.24"]
[EventType "swiss (blitz)"]

1. e4 {[%emt 0:00:03]} e5 {[%emt 0:00:01]} 2. Nf3 {[%emt 0:00:03]} Nc6 {[%emt
0:00:00]} 3. d4 {[%emt 0:00:03]} exd4 {[%emt 0:00:00]} 4. c3 {[%emt 0:00:02]}
d5 {[%emt 0:00:02]} 5. exd5 {[%emt 0:00:01]} Qxd5 {[%emt 0:00:00]} 6. cxd4 {
[%emt 0:00:01]} Bb4+ {[%emt 0:00:02]} 7. Nc3 {[%emt 0:00:03]} Bg4 {[%emt 0:00:
02]} 8. Be2 {[%emt 0:00:02]} Bxf3 {[%emt 0:00:01]} 9. Bxf3 {[%emt 0:00:02]} Qc4
{[%emt 0:00:00]} 10. Bxc6+ {[%emt 0:00:02]} Qxc6 {[%emt 0:00:00]} 11. O-O {
[%emt 0:00:07]} Ne7 {[%emt 0:00:01]} 12. Bg5 {[%emt 0:00:14]} O-O {[%emt 0:00:
13]} 13. a3 {[%emt 0:00:21]} Bd6 {[%emt 0:00:04]} 14. Qg4 {[%emt 0:00:07]} Ng6
{[%emt 0:00:04]} 15. h4 {[%emt 0:00:10]} f5 {[%emt 0:00:10]} 16. Qh3 {[%emt 0:
00:08]} h6 {[%emt 0:00:03]} 17. h5 {[%emt 0:00:07]} Nf4 {[%emt 0:00:03]} 18.
Bxf4 {[%emt 0:00:04]} Bxf4 {[%emt 0:00:00]} 19. Rae1 {[%emt 0:00:21]} Rad8 {
[%emt 0:00:07]} 20. g3 {[%emt 0:00:06]} Bd2 {[%emt 0:00:03]} 21. Re5 {[%emt 0:
00:02]} f4 {[%emt 0:00:07]} 22. Ne4 {[%emt 0:00:17]} Rxd4 {[%emt 0:00:11]} 23.
Re6 {[%emt 0:00:13]} Qd7 {[%emt 0:00:03]} 24. Nc5 {[%emt 0:00:36]} Qd5 {[%emt
0:00:03]} 25. Re7 {[%emt 0:00:18]} Qxc5 {[%emt 0:00:20]} 26. Qe6+ {[%emt 0:00:
01]} Kh8 {[%emt 0:00:01]} 27. Rxg7 {[%emt 0:00:01]} Kxg7 {[%emt 0:00:06]} 28.
Qg6+ {[%emt 0:00:02]} Kh8 {[%emt 0:00:04]} 29. Qxh6+ {[%emt 0:00:01]} Kg8 {
[%emt 0:00:04]} 30. Qg6+ {[%emt 0:00:01] Chanwxt offers a draw} Kh8 {[%emt 0:
00:10]} 1/2-1/2

[Event "Benidorm Satellite preliminary"]
[Site "playchess.com #007036"]
[Date "2009.10.24"]
[Round "8"]
[White "Mau13"]
[Black "Alexiz"]
[Result "1-0"]
[WhiteElo "1891"]
[BlackElo "1704"]
[PlyCount "79"]
[EventDate "2009.10.24"]
[EventType "swiss (blitz)"]

1. e4 {[%emt 0:00:02]} e6 {[%emt 0:00:03]} 2. d4 {[%emt 0:00:01]} d5 {[%emt 0:
00:02]} 3. Nc3 {[%emt 0:00:00]} Bb4 {[%emt 0:00:03]} 4. Bd3 {[%emt 0:00:01]}
dxe4 {[%emt 0:00:08]} 5. Bxe4 {[%emt 0:00:01]} Nf6 {[%emt 0:00:02]} 6. Bf3 {
[%emt 0:00:02]} O-O {[%emt 0:00:03]} 7. Nge2 {[%emt 0:00:00]} h6 {[%emt 0:00:
10]} 8. O-O {[%emt 0:00:01]} c5 {[%emt 0:00:02]} 9. a3 {[%emt 0:00:04]} cxd4 {
[%emt 0:00:02]} 10. axb4 {[%emt 0:00:03]} dxc3 {[%emt 0:00:02]} 11. bxc3 {
[%emt 0:00:04]} Qxd1 {[%emt 0:00:02]} 12. Rxd1 {[%emt 0:00:01]} Nc6 {[%emt 0:
00:02]} 13. Ba3 {[%emt 0:00:06]} Re8 {[%emt 0:00:04]} 14. Nd4 {[%emt 0:00:04]}
Ne5 {[%emt 0:00:03]} 15. Be2 {[%emt 0:00:01]} Bd7 {[%emt 0:00:03]} 16. f4 {
[%emt 0:00:05]} Ng6 {[%emt 0:00:09]} 17. g3 {[%emt 0:00:04]} a6 {[%emt 0:00:02]
} 18. Bf3 {[%emt 0:00:01]} Rab8 {[%emt 0:00:17]} 19. h4 {[%emt 0:00:02]} Ne7 {
[%emt 0:00:06]} 20. c4 {[%emt 0:00:09]} Nc6 {[%emt 0:00:03]} 21. c3 {[%emt 0:
00:04]} Nxd4 {[%emt 0:00:03]} 22. cxd4 {[%emt 0:00:02]} Bc6 {[%emt 0:00:01]}
23. Kf2 {[%emt 0:00:06]} Bxf3 {[%emt 0:00:03]} 24. Kxf3 {[%emt 0:00:01]} Rbc8 {
[%emt 0:00:04]} 25. Rac1 {[%emt 0:00:06]} Red8 {[%emt 0:00:04]} 26. Bb2 {[%emt
0:00:02]} b6 {[%emt 0:00:15]} 27. g4 {[%emt 0:00:08]} Ne8 {[%emt 0:00:16]} 28.
c5 {[%emt 0:00:04]} bxc5 {[%emt 0:00:06]} 29. dxc5 {[%emt 0:00:02]} Rxd1 {
[%emt 0:00:04]} 30. Rxd1 {[%emt 0:00:00]} Rb8 {[%emt 0:00:04]} 31. Bc3 {[%emt
0:00:01]} Nc7 {[%emt 0:00:04]} 32. Ke4 {[%emt 0:00:07]} Nd5 {[%emt 0:00:03]}
33. Rxd5 {[%emt 0:00:08]} exd5+ {[%emt 0:00:02]} 34. Kxd5 {[%emt 0:00:00]} g6 {
[%emt 0:00:08]} 35. c6 {[%emt 0:00:09]} Kf8 {[%emt 0:00:06]} 36. Kd6 {[%emt 0:
00:03]} Rd8+ {[%emt 0:00:13]} 37. Kc7 {[%emt 0:00:03]} Rd3 {[%emt 0:00:02]} 38.
Be5 {[%emt 0:00:14]} Rb3 {[%emt 0:00:16]} 39. Kd7 {[%emt 0:00:03]} Rd3+ {[%emt
0:00:04]} 40. Bd6+ {[%emt 0:00:03] Alexiz resigns} 1-0

[Event "Benidorm Satellite preliminary"]
[Site "playchess.com #007036"]
[Date "2009.10.24"]
[Round "8"]
[White "LA ROSA ANGEL"]
[Black "AndreevSt"]
[Result "1-0"]
[WhiteElo "1826"]
[BlackElo "1975"]
[PlyCount "65"]
[EventDate "2009.10.24"]
[EventType "swiss (blitz)"]

1. d4 {[%emt 0:00:03]} Nf6 {[%emt 0:00:01]} 2. c4 {[%emt 0:00:01]} e6 {[%emt 0:
00:01]} 3. Nf3 {[%emt 0:00:02]} b6 {[%emt 0:00:01]} 4. Nc3 {[%emt 0:00:02]} Bb7
{[%emt 0:00:01]} 5. Bg5 {[%emt 0:00:02]} Be7 {[%emt 0:00:01]} 6. e3 {[%emt 0:
00:02]} O-O {[%emt 0:00:01]} 7. Bd3 {[%emt 0:00:02]} d5 {[%emt 0:00:01]} 8. O-O
{[%emt 0:00:03]} dxc4 {[%emt 0:00:01]} 9. Bxc4 {[%emt 0:00:02]} Ba6 {[%emt 0:
00:02]} 10. Bxa6 {[%emt 0:00:02]} Nxa6 {[%emt 0:00:00]} 11. Ne5 {[%emt 0:00:04]
} Nb4 {[%emt 0:00:27]} 12. a3 {[%emt 0:00:05]} Nbd5 {[%emt 0:00:02]} 13. Nc6 {
[%emt 0:00:04]} Qd7 {[%emt 0:00:02]} 14. Nxe7+ {[%emt 0:00:02]} Nxe7 {[%emt 0:
00:05]} 15. Bxf6 {[%emt 0:00:03]} gxf6 {[%emt 0:00:02]} 16. Ne4 {[%emt 0:00:01]
} Nd5 {[%emt 0:00:06]} 17. Qh5 {[%emt 0:00:07]} Kh8 {[%emt 0:00:06]} 18. Qh6 {
[%emt 0:00:03]} Qe7 {[%emt 0:00:01]} 19. Rac1 {[%emt 0:00:03]} Rg8 {[%emt 0:00:
05]} 20. Ng3 {[%emt 0:00:21]} Rac8 {[%emt 0:00:17]} 21. e4 {[%emt 0:00:01]} Rg6
{[%emt 0:00:11]} 22. Qd2 {[%emt 0:00:03]} Qd7 {[%emt 0:00:16]} 23. exd5 {[%emt
0:00:03]} Qxd5 {[%emt 0:00:00]} 24. Rfe1 {[%emt 0:00:04]} h5 {[%emt 0:00:02]}
25. h4 {[%emt 0:00:20]} c5 {[%emt 0:00:02]} 26. Qf4 {[%emt 0:00:10]} Rcg8 {
[%emt 0:00:03]} 27. dxc5 {[%emt 0:00:03]} bxc5 {[%emt 0:00:00]} 28. Rcd1 {
[%emt 0:00:02]} Qb3 {[%emt 0:00:06]} 29. Rd2 {[%emt 0:00:16]} c4 {[%emt 0:00:
05]} 30. Re3 {[%emt 0:00:04]} Qb6 {[%emt 0:00:04]} 31. Qf3 {[%emt 0:00:02]} Rg4
{[%emt 0:00:08]} 32. Qxf6+ {[%emt 0:00:08]} Kh7 {[%emt 0:00:07]} 33. Rd7 {
[%emt 0:00:12] AndreevSt resigns} 1-0

[Event "Benidorm Satellite preliminary"]
[Site "playchess.com #007036"]
[Date "2009.10.24"]
[Round "8"]
[White "Priscila"]
[Black "Dimitri_Ovanov"]
[Result "1-0"]
[WhiteElo "1810"]
[BlackElo "1617"]
[PlyCount "53"]
[EventDate "2009.10.24"]
[EventType "swiss (blitz)"]

1. c4 {[%emt 0:00:00]} f5 {[%emt 0:00:03]} 2. Nf3 {[%emt 0:00:01]} Nf6 {[%emt
0:00:02]} 3. Nc3 {[%emt 0:00:00]} e6 {[%emt 0:00:01]} 4. d3 {[%emt 0:00:00]}
Be7 {[%emt 0:00:01]} 5. g3 {[%emt 0:00:00]} O-O {[%emt 0:00:02]} 6. Bg2 {[%emt
0:00:00]} c6 {[%emt 0:00:01]} 7. O-O {[%emt 0:00:01]} d5 {[%emt 0:00:00]} 8.
Bg5 {[%emt 0:00:00]} h6 {[%emt 0:00:05]} 9. Bxf6 {[%emt 0:00:02]} Bxf6 {[%emt
0:00:02]} 10. Qd2 {[%emt 0:00:00]} Nd7 {[%emt 0:00:05]} 11. cxd5 {[%emt 0:00:
00]} cxd5 {[%emt 0:00:01]} 12. Rae1 {[%emt 0:00:01]} Nb6 {[%emt 0:00:12]} 13.
e4 {[%emt 0:00:01]} dxe4 {[%emt 0:00:19]} 14. dxe4 {[%emt 0:00:01]} Nc4 {[%emt
0:00:01]} 15. Qe2 {[%emt 0:00:06]} Qc7 {[%emt 0:00:32]} 16. exf5 {[%emt 0:00:
28]} exf5 {[%emt 0:00:02]} 17. Rc1 {[%emt 0:00:01]} Na5 {[%emt 0:00:10]} 18.
Nd5 {[%emt 0:00:34]} Qd6 {[%emt 0:00:25]} 19. Rfd1 {[%emt 0:00:02]} Qe6 {[%emt
0:00:15]} 20. Qd2 {[%emt 0:00:12]} Rd8 {[%emt 0:00:05]} 21. Qxa5 {[%emt 0:00:
04]} Bxb2 {[%emt 0:00:07]} 22. Qxd8+ {[%emt 0:00:14]} Kh7 {[%emt 0:00:02]} 23.
Rb1 {[%emt 0:00:08]} Ba3 {[%emt 0:00:18]} 24. Nc7 {[%emt 0:00:03]} Qxa2 {[%emt
0:00:20]} 25. Nxa8 {[%emt 0:00:03]} f4 {[%emt 0:00:13]} 26. Qxc8 {[%emt 0:00:
03]} fxg3 {[%emt 0:00:03]} 27. hxg3 {[%emt 0:00:00] Dimitri_Ovanov resigns} 1-0